000 00801nam a2200217Ii 4500
003 JO-AjNU
008 230605s9999||||xx |||||||||||||| ||und||
020 _a1-56564-329-1
040 _aJO-AjNU
_bara
_erda
_cJO-AjNU
041 _aara
050 1 4 _aB753.I3.Z8222 2009
100 3 _aالزعبي، أنور,
_eauthor
_952477
245 0 0 _aظاهرية ابن حزم الأندلسي : مسألة المعرفة ومناهج البحث
250 _aط2/مزيدة ومنقحة
264 3 1 _aفيرجينيا: المعهد العالمي للفكر الاسلامي، 2009
300 _a224ص
336 _atext
_btxt
_2rdacontent
337 _aunmediated
_bn
_2rdamedia
338 _avolume
_bnc
_2rdacarrier
650 4 _aالمعرفة- طرق البحث- ابن حزم الاندلسي
_952478
999 _aA23248
_c26816
_d26816